000 00689nam a2200193 a 4500
008 060316s1973 ||||||||||||||||| || u
020 _a0091141303
050 _aSB 950.95 Cor
100 _aCornwell, P. B
245 1 0 _aPest control in buildings: a guide to the meaning of terms
260 _aLondon,
_bHutchinson
_c1973
300 _a192, [41] p. illus.
350 _a0.00
490 _aThe Rentokil library
650 _aPESTS--DICTIONARIES
650 _aBUILDINGS--PEST CONTROL--DICTIONARIES
650 _aBUILDINGS--PROTECTION--DICTIONARIES
995 _D0.00
_FCBU-MAIN LIBRARY (Kitwe)
_H1
_I5.00
_M1
_UREFERENCE
_ZReference Collection
999 _c53439
_d53439